| 000 | 00374nam a22001577a 4500 | ||
|---|---|---|---|
| 003 | SGT | ||
| 020 | _a9788185731995 | ||
| 082 |
_a615.068 _bP23J |
||
| 100 | _aJAIN, N.K. | ||
| 245 | _aA TEXT BOOK OF PROFESSIONAL PHARMACY | ||
| 260 |
_aDELHI _bVALLABH PRAKASHAN _c2023 |
||
| 300 | _a632 | ||
| 650 | _aPHARMACEUTICS | ||
| 653 | _aPROFESSIONAL, PHARMACY | ||
| 942 |
_2ddc _cBK _01 |
||
| 999 |
_c26426 _d26426 |
||